A Z generáció fogyasztói magatartása, reklámmal kapcsolatos attitűdjei és elérése

Bibliográfiai részletek
Szerző: Pervai Luca
További közreműködők: Totth Dr. Gedeon
Dokumentumtípus: Diplomadolgozat
Kulcsszavak:Z generáció
Fogyasztó magatartás
Reklám
Marketing
Online Access:http://dolgozattar.uni-bge.hu/3886

MARC

LEADER 00000nta a2200000 i 4500
001 dolg3886
005 20160906135050.0
008 151212suuuu hu om 000 hun d
040 |a BGE Dolgozattár Repozitórium  |b hun 
041 |a hu 
100 1 |a Pervai Luca 
245 1 2 |a A Z generáció fogyasztói magatartása, reklámmal kapcsolatos attitűdjei és elérése  |c Pervai Luca  |h [elektronikus dokumentum] 
695 |a Z generáció 
695 |a Fogyasztó magatartás 
695 |a Reklám 
695 |a Marketing 
700 1 |a Totth Dr. Gedeon  |e ths 
856 4 0 |u http://dolgozattar.uni-bge.hu/3886/1/Pervai_Luca_diplomadolgozat.pdf  |z Dokumentum-elérés